LEADER 01101nas 2200361 450 001 9910147290903321 005 20180526005924.0 011 $a1365-2117 035 $a(OCoLC)47888157 035 $a(CKB)954925573946 035 $a(CONSER) 2001229223 035 $a(DE-599)ZDB2019914-4 035 $a(EXLCZ)99954925573946 100 $a20010831a19889999 uy 101 0 $aeng 181 $ctxt$2rdacontent 182 $cc$2rdamedia 183 $acr$2rdacarrier 200 00$aBasin research 210 $a[Oxford] $c[Blackwell Science Ltd] 300 $aRefereed/Peer-reviewed 311 $a0950-091X 606 $aSedimentation and deposition$vPeriodicals 606 $aSedimentary basins$vPeriodicals 615 0$aSedimentation and deposition 615 0$aSedimentary basins 712 02$aEuropean Association of Exploration Geophysicists, 712 02$aEuropean Association of Geoscientists and Engineers, 712 02$aInternational Association of Sedimentologists, 906 $aJOURNAL 912 $a9910147290903321 996 $aBasin research$976203 997 $aUNINA